Представление документа в формате RUSMARC

ПолеНазваниеЗначение
  Тип записи a
  Библиографический уровень m
001 Контрольный номер UONB/MAIN/e6ac1e3307fc418b9f97cc274bde47a8
005 Дата корректировки 20260701170657.8
010 Индекс ISBN __
d Цена 10 к.
9 Тираж 1000 экз.
a ISBN 5-7740-0404-Х
100 Данные общей обработки __
a Данные общей обработки 20260626d1990 u y0rusy0189 ca
101 Язык документа 0_
a Язык текста rus
102 Страна публикации __
a Страна публикации RU
105 Кодированные данные (монография) __
a Кодированные данные (монография) y z 000yy
200 Заглавие и сведения об ответственности 1_
a Заглавие Навечно в строю
f Первые сведения об ответственности А. В. Шнюков
e Сведения, относящиеся к заглавию очерк о А. А. Пластовце
203 Вид содержания и тип средства __
a Вид содержания Текст
b Характеристика содержания визуальный
c Тип средства непосредственный
210 Выходные данные 1_
a Место издания Донецк
c Издательство Донбас
d Дата издания 1990
215 Физическое описание __
a Объем 48 с.
d Формат 17 см
600 Персоналии _1
a Персоналии (Фамилия) Пластовец
b Персоналии (Имя, инициалы) А. А.
g Полное имя Александр Алексеевич
606 Тематические рубрики 0_
a Основная рубрика Ограниченный контингент советских войск в Афганистане
610 Ключевые слова 0_
a Ключевые слова Пластовец А. А.; афганская война
686 Индексы других классификаций __
a Классификационный индекс 68.4(2)243
2 Код системы rubbk
700 Автор _1
a Фамилия Шнюков
b Имя (инициалы) А. В.
g Полное личное имя Андрей Владимирович
801 Источник записи _0
a Страна RU
b Организация Ульяновская ОНБ
c Дата составления 20260626
g Правила каталогизации RCR
801 Источник записи _1
a Страна RU
b Организация Ульяновская ОНБ
c Дата составления 20260626
g Правила каталогизации RCR
901 Тип документа __
t Тип документа m
909 Создатель записи __
a Создатель записи Оргеткина
b Дата создания записи 20260626